000 00755nam a2200229 i 4500
001 27991
003 ES-MaACL
005 20250828090933.0
007 t|
008 030116s1949 sp ||||1| spa d
080 _a087.5:248.1
100 1 _aBaigorri y Azanza, Luis.
_924681
245 1 1 _a¡Joven!, la vida te llama /
_cP. Luis Baigorri y Azanza, S.S.S.
260 _aMadrid :
_bSociedad de Educación Atenas,
_c[1949] (
_fGráf. Carlos Jaime)
300 _a230 p. ;
_c20 cm.
490 1 _aJuventud y espiritualidad ;
_v1
650 4 _aVida cristiana-
_vLibros infantiles.
_917791
710 2 _aSociedad de Educación Atenas
_96665
830 1 _aJuventud y espiritualidad ;
_v1
_9229235
852 _aES-MaACL
_jD-5561
999 _c27991
_d27991